Gốm Bát Tràng thế kỷ XIV-XIX

Saved in:
Bibliographic Details
Main Author: Phan Huy Lê
Format: Book
Language:Vietnamese
Published: Thế giới 1995
Tags: Add Tag
No Tags, Be the first to tag this record!
Institutions: Mạng thư viện Đại học Đà Nẵng
LEADER 00714nam a2200265 4500
001 000022056
003 18504
005 20150424130409.0
008 150424s1995 viesd
020 |c 00 
041 0 |a vie 
082 1 4 |a 738  |b PH-L 
100 1 |a Phan Huy Lê 
245 1 0 |a Gốm Bát Tràng thế kỷ XIV-XIX  |c Phan Huy Lê, Nguyễn Đình Chiến, Nguyễn Quang Ngọc 
246 |a Bat Trang ceramics 14th - 19th centuries 
260 |b Thế giới  |c 1995 
300 |a tr.  |c cm. 
OWN |a LSP 
999 |a From the UDN01 
TYP |a Monograph 
TYP |a Printed language 
980 |a Mạng thư viện Đại học Đà Nẵng